|
|
|
|
| LEADER |
00000nam0a2200000 4500 |
| 001 |
158345 |
| 005 |
20231101222030.0 |
| 010 |
|
|
|a 9785394001833
|
| 035 |
|
|
|a (RuTPU)RU\TPU\book\171736
|
| 090 |
|
|
|a 158345
|
| 100 |
|
|
|a 20090422d2009 m y0rusy50 ca
|
| 101 |
0 |
|
|a rus
|
| 102 |
|
|
|a RU
|
| 105 |
|
|
|a y j 001zy
|
| 200 |
1 |
|
|a Имиджелогия
|e учебное пособие
|f Н. В. Ушакова, А. Ф. Стрижова
|
| 210 |
|
|
|a Москва
|c Дашков и К
|d 2009
|
| 215 |
|
|
|a 279 с.
|
| 320 |
|
|
|a Библиогр.: с. 269-278.
|
| 320 |
|
|
|a Словарь понятий: c. 264-268.
|
| 330 |
|
|
|a Учебное пособие посвящено концептуальным вопросам современной имиджелогии. Рассматриваются теоретические основы формирования и функционирования имиджелогии, ее место среди других гуманитарных наук, ее составной элемент — имидж. Особое внимание уделяется цивилизационным и технологическим аспектам управления имиджем на персональном и корпоративном уровнях. В конце каждой главы приводятся практические задания. Для студентов, обучающихся по специальностям «Государственное и муниципальное управление», «Менеджмент организации», «Связи с общественностью», «Политология», а также всех интересующихся вопросами формирования и управления имиджем.
|
| 606 |
1 |
|
|a Имидж
|x Психология
|2 stltpush
|3 (RuTPU)RU\TPU\subj\12399
|9 39186
|
| 606 |
1 |
|
|a Паблик Рилейшнз (ПР)
|2 stltpush
|3 (RuTPU)RU\TPU\subj\27914
|9 51569
|
| 610 |
1 |
|
|a имиджелогия
|
| 610 |
1 |
|
|a связи с общественностью
|
| 610 |
1 |
|
|a деловое общение
|
| 610 |
1 |
|
|a позиционирование
|
| 610 |
1 |
|
|a манипулирование
|
| 610 |
1 |
|
|a вербализация
|
| 610 |
1 |
|
|a детализация
|
| 610 |
1 |
|
|a миф
|
| 610 |
1 |
|
|a политическая имиджелогия
|
| 610 |
1 |
|
|a экономическая имиджелогия
|
| 610 |
1 |
|
|a шоу-бизнес
|
| 610 |
1 |
|
|a формирование
|
| 610 |
1 |
|
|a имиджмейкинг
|
| 610 |
1 |
|
|a политический консалтинг
|
| 610 |
1 |
|
|a цвет
|
| 610 |
1 |
|
|a физиогномика
|
| 610 |
1 |
|
|a вербальные коммуникации
|
| 610 |
1 |
|
|a невербальные коммуникации
|
| 610 |
1 |
|
|a учебные пособия
|
| 675 |
|
|
|a 659.4(07)
|v 3
|
| 686 |
|
|
|a Ю953я73
|v LBC/SL-A
|2 rubbk
|
| 700 |
|
1 |
|a Ушакова
|b Н. В.
|g Наталья Владимировна
|
| 701 |
|
1 |
|a Стрижова
|b А. Ф.
|g Анна Федоровна
|
| 801 |
|
1 |
|a RU
|b 63413507
|c 20090422
|g PSBO
|
| 801 |
|
2 |
|a RU
|b 63413507
|c 20170330
|g PSBO
|
| 900 |
|
|
|a Имиджелогия
|
| 942 |
|
|
|c BK
|
| 959 |
|
|
|a 54/20090422
|d 2
|e 154,00
|f АНЛ:1
|f ЧЗГЛ:1
|